| 000 | 00836nac a22002171u 4500 | ||
|---|---|---|---|
| 010 | _a94004548 | ||
| 020 | _a0534247385 (acid-free, recycled paper) | ||
| 082 | 0 | 0 |
_a350 _bDEN |
| 090 |
_c9013 _d9013 |
||
| 100 | _aDenhardt, Robert B. | ||
| 245 | 1 | 0 |
_aPublic administration : an action orientation / _cRobert B. Denhardt. |
| 250 | _a2nd ed. | ||
| 260 |
_aBelmont, Calif. : _bWadsworth Pub. Co.,1995. _c1995. |
||
| 300 |
_axiii, 450 p. : _bill. ; _c25 cm. |
||
| 500 | _aDistributer : Dar Fathy Taha Mohamed Desoukey | ||
| 504 | _aIncludes bibliographical references (p. 419-429) and index. | ||
| 511 | _aCatalogued by: Sara | ||
| 650 | 0 | _aPublic administration. | |
| 942 |
_cBB _k350DEN |
||
| 999 |
_c9013 _d9013 |
||